Normal view MARC view

Entry Personal Name

Number of records used in: 2

001 - CONTROL NUMBER

  • control field: 80603

003 - CONTROL NUMBER IDENTIFIER

  • control field: dpl

005 - DATE AND TIME OF LATEST TRANSACTION

  • control field: 20250416104236.0

008 - FIXED-LENGTH DATA ELEMENTS

  • fixed length control field: 250416|| aca||aabn | a|a d

040 ## - CATALOGING SOURCE

  • Original cataloging agency: dpl
  • Transcribing agency: dpl

100 ## - HEADING--PERSONAL NAME

  • Personal name: S.Sharma

670 ## - SOURCE DATA FOUND

  • Source citation: Work cat.: (dpl)210962: Sharma, Hiralal 80602, Yogic Human Anatomy And Physiology/, 2022

© Delhi Public Library
Hit Counter
free hit counter